| 000 | 01243nam a2200229Ia 4500 | ||
|---|---|---|---|
| 003 | Ost | ||
| 005 | 20260507075111.0 | ||
| 008 | 260507s9999||||xx |||||||||||||| ||und|| | ||
| 040 | _cfsecg | ||
| 041 | _aara | ||
| 082 | _a500 | ||
| 100 |
_aكوتيه، مارسيل _eمؤلف |
||
| 245 | 0 |
_aالطريقة المثلى للتحكم في الوقت / _c مارسيل كوتيه |
|
| 260 |
_aكبيك: _bمنشورات القارتين, _c2002 |
||
| 300 |
_a160 صفحة؛ _bإيضاحات ؛ _c22 سم |
||
| 504 | _aببليوغرافيا:ص.157-159 | ||
| 520 | _aالوقت أثمن من المال بكثير،إدارة الأعمال حسب الحس السليم،قوانين تسيير الوقت السبعة،نماذج النشاط السبعة،توزيع الوقت بين مختلف النشاطات،أنشطتك المهنية،كيف تسير وقتك بصورة فعالة؟،التواصل الشفوي والكتابي،أفكار تساعد على ربح الوقت،مسألة التنظيم،بعض الحواجز التي يجب تخطيها | ||
| 653 | _aالتوقيت | ||
| 700 |
_aالرقا، مصطفى _eمؤلف ثانوي |
||
| 700 |
_aالكردي، بسام _eمؤلف ثانوي |
||
| 942 | _cكتاب | ||
| 999 |
_c42904 _d42904 |
||